=LDR 00000nam 2200000 4500 =001 INLIS000000000022083 =005 20130612120857 =008 ***********************************Ind** =035 ##$$0010-061300000022083 =041 ##$$a Ind =082 ##$$a 330.01 =090 ##$$a 330.01, Sko s4 =100 ##$$a MARK SKOUSEN =245 ##$$a Sang maestro teori-teori Ekonomi modern =260 ##$$a 2005 $b Jakarta =300 ##$$a 563 hlm, ilus, 51 cm =650 ##$$a Ekonomi modern =850 ##$$a NBPNMAT =990 ##$$a 20611216